<?xml version="1.0" encoding="UTF-8"?>
<record
    xmlns:xsi="http://www.w3.org/2001/XMLSchema-instance"
    xsi:schemaLocation="http://www.loc.gov/MARC21/slim http://www.loc.gov/standards/marcxml/schema/MARC21slim.xsd"
    xmlns="http://www.loc.gov/MARC21/slim">

  <leader>00517nam a2200193   4500</leader>
  <datafield tag="999" ind1=" " ind2=" ">
    <subfield code="c">12896</subfield>
    <subfield code="d">12896</subfield>
  </datafield>
  <controlfield tag="003">PK-NaQUE</controlfield>
  <controlfield tag="005">20260326110255.0</controlfield>
  <controlfield tag="008">260326b           ||||| |||| 00| 0 eng d</controlfield>
  <datafield tag="020" ind1=" " ind2=" ">
    <subfield code="a">0810408880</subfield>
  </datafield>
  <datafield tag="020" ind1=" " ind2=" ">
    <subfield code="a">9780810408883</subfield>
  </datafield>
  <datafield tag="040" ind1=" " ind2=" ">
    <subfield code="c">QUEST</subfield>
  </datafield>
  <datafield tag="082" ind1=" " ind2=" ">
    <subfield code="a">621.381WIL</subfield>
  </datafield>
  <datafield tag="100" ind1=" " ind2=" ">
    <subfield code="a">Valkenburgh, Van </subfield>
  </datafield>
  <datafield tag="245" ind1=" " ind2=" ">
    <subfield code="a">Basic Electronics: Vol 4</subfield>
  </datafield>
  <datafield tag="260" ind1=" " ind2=" ">
    <subfield code="a">Lahore:</subfield>
    <subfield code="b">Sarhat Printing,</subfield>
    <subfield code="c">1979.</subfield>
  </datafield>
  <datafield tag="650" ind1=" " ind2=" ">
    <subfield code="a">Electronics </subfield>
  </datafield>
  <datafield tag="856" ind1=" " ind2=" ">
    <subfield code="u">http://10.10.170.122:8080/browse/book/29409</subfield>
    <subfield code="y">Download eBook</subfield>
  </datafield>
  <datafield tag="942" ind1=" " ind2=" ">
    <subfield code="c">BK</subfield>
    <subfield code="2">ddc</subfield>
  </datafield>
  <datafield tag="952" ind1=" " ind2=" ">
    <subfield code="0">0</subfield>
    <subfield code="1">0</subfield>
    <subfield code="4">0</subfield>
    <subfield code="7">0</subfield>
    <subfield code="a">BB</subfield>
    <subfield code="b">BB</subfield>
    <subfield code="d">2020-02-12</subfield>
    <subfield code="g">75.00</subfield>
    <subfield code="o">621.381WIL</subfield>
    <subfield code="p">B795</subfield>
    <subfield code="r">2015-04-08</subfield>
    <subfield code="w">2015-04-08</subfield>
    <subfield code="y">BK</subfield>
  </datafield>
  <datafield tag="952" ind1=" " ind2=" ">
    <subfield code="0">0</subfield>
    <subfield code="1">0</subfield>
    <subfield code="4">0</subfield>
    <subfield code="7">0</subfield>
    <subfield code="a">BB</subfield>
    <subfield code="b">BB</subfield>
    <subfield code="d">2020-02-12</subfield>
    <subfield code="g">75.00</subfield>
    <subfield code="o">621.381WIL</subfield>
    <subfield code="p">B796</subfield>
    <subfield code="r">2015-04-08</subfield>
    <subfield code="w">2015-04-08</subfield>
    <subfield code="y">BK</subfield>
  </datafield>
  <datafield tag="952" ind1=" " ind2=" ">
    <subfield code="0">0</subfield>
    <subfield code="1">0</subfield>
    <subfield code="4">0</subfield>
    <subfield code="7">0</subfield>
    <subfield code="a">BB</subfield>
    <subfield code="b">BB</subfield>
    <subfield code="d">2020-02-12</subfield>
    <subfield code="g">75.00</subfield>
    <subfield code="o">621.381WIL</subfield>
    <subfield code="p">B797</subfield>
    <subfield code="r">2015-04-08</subfield>
    <subfield code="w">2015-04-08</subfield>
    <subfield code="y">BK</subfield>
  </datafield>
  <datafield tag="952" ind1=" " ind2=" ">
    <subfield code="0">0</subfield>
    <subfield code="1">0</subfield>
    <subfield code="4">0</subfield>
    <subfield code="7">0</subfield>
    <subfield code="a">BB</subfield>
    <subfield code="b">BB</subfield>
    <subfield code="d">2020-02-12</subfield>
    <subfield code="g">75.00</subfield>
    <subfield code="o">621.381WIL</subfield>
    <subfield code="p">B798</subfield>
    <subfield code="r">2015-04-08</subfield>
    <subfield code="w">2015-04-08</subfield>
    <subfield code="y">BK</subfield>
  </datafield>
  <datafield tag="952" ind1=" " ind2=" ">
    <subfield code="0">0</subfield>
    <subfield code="1">0</subfield>
    <subfield code="4">0</subfield>
    <subfield code="7">0</subfield>
    <subfield code="a">BB</subfield>
    <subfield code="b">BB</subfield>
    <subfield code="d">2020-02-12</subfield>
    <subfield code="g">75.00</subfield>
    <subfield code="o">621.381WIL</subfield>
    <subfield code="p">B799</subfield>
    <subfield code="r">2017-01-31</subfield>
    <subfield code="w">2015-04-08</subfield>
    <subfield code="y">BK</subfield>
  </datafield>
</record>
